| 000 | 00767nam a2200217 a 4500 | ||
|---|---|---|---|
| 005 | 20250116063815.0 | ||
| 008 | 021007s1998 ag r 000 0 spa d | ||
| 020 | _a9500383802 | ||
| 035 | _aUPN01000119934 | ||
| 049 | _aCG | ||
| 050 | 4 |
_aLC191.8 F8 _bD8.38 |
|
| 100 | 1 |
_aDubet, Francois, _d1946- _933819 |
|
| 245 | 1 | 0 |
_aEn la escuela : _bsociología de la experiencia escolar / _cFrancois Dubet, Danilo Martuccelli ; tr. Eduardo Gudiño Kieffer. |
| 260 |
_aBarcelona, Esp. ; _bBuenos Aires : _aLosada, _c1998. |
||
| 300 | _a489 p. | ||
| 440 | 0 | _aBiblioteca pedagógica | |
| 650 | 4 |
_aSOCIOLOGIA DE LA EDUCACION - _zFRANCIA _913958 |
|
| 650 | 4 |
_aEducación _xAspectos sociales _zFrancia _914755 |
|
| 700 | 1 |
_aMartuccelli, Danilo, _d1964- _ecoaut. _939139 |
|
| 905 | _aLibro | ||
| 999 |
_c92284 _d92284 |
||